000 01655nam0a22003371 4500
001 rc\4373667
005 20260629062804.0
021 _aRU
_bРг 349-68
035 _a(NLR Aleph) 008288020
090 _a8558319
_c8558319
100 _a20130416d1967 |||y0rusy50 ca
101 0 _arus
102 _aRU
105 _ay j |||||
200 1 _aСоциальная гигиена
_e(предмет и метод)
_e(краткое содержание лекций 1 и 2)
_fВиноградов Н.А.
_gМинистерство здравоохранения СССР. Центральный ордена Ленина институт усовершенствования врачей. Международные курсы больничных администраторов
210 _aМосква
_d1967
215 _a20 с.
_d20
309 _aОтпечатано множительным аппаратом
320 _aБиблиогр.: с. 19-20
606 _aЗдравоохранение
_jРуководства, пособия и т.п.
_3RU\NLR\AUTH\666287
_9898901
606 1 _aСоциальная гигиена
_jРуководства, пособия и т.п.
_9918834
_3RU\NLR\AUTH\6617460
686 1 _aР.в01
686 1 _aР11(2)я77
700 1 _aВиноградов
_bН. А.
_f1910-1976
_gНиколай Аркадьевич
712 0 2 _4475
_aЦентральный институт усовершенствования врачей
_cМосква
_3RU\NLR\AUTH\889958055
_9412185
801 0 _aRU
_bNLR
_gpsbo
801 1 _aRU
_bELAR
_2rusmarc
852 _aNLR
_j68-4/193
942 _cBOOK
980 _aNB